La importancia de lo que nos preocupa ensayos filosóficos Harry G. Frankfurt ;traducción de Verónica Inés Weinstabl y Servanda María Hagen (Registro nro. 55292)

Detalles MARC
000 -ENCABEZADO
Número de control [NR] 00939nam a2200265Ia 4500
008 - DE LONGITUD FIJA DE DATOS DE ELEMENTOS - INFORMACIÓN GENERAL
Elementos de longitud fija [NR] 130821s2006 ag gr spa
020 ## - NUMERO INTERNACIONAL NORMALIZADO PARA LIBROS [R]
Número Internacional Normalizado del libro [NR] 9871283040
040 ## - FUENTE DE CATALOGACION [NR]
Agencia de catalogación original [NR] Co-BoUCM
Idioma de catalogación [NR] spa
041 00 - CODIGO DE IDIOMA [R]
Código de idioma para texto/pista de sonido o título separado [R] Español
100 1# - ASIENTO PRINCIPAL--NOMBRE PERSONAL [NR]
Nombre personal [NR] Frankfurt, Harry G.
245 00 - MENCION DE TITULO [NR]
Título [NR] La importancia de lo que nos preocupa ensayos filosóficos Harry G. Frankfurt ;traducción de Verónica Inés Weinstabl y Servanda María Hagen
260 ## - PUBLICACION, DISTRIBUCION, ETC. (PIE DE IMPRENTA) [R]
Lugar de publicación, distribución, etc. [R] Buenos Aires (Argentina)
Nombre del editor, distribuidor, etc. [R] Katz Editores
Fecha de publicación, distribución, etc. [R] 2006
300 ## - DESCRIPCION FISICA [R]
Extensión [R] 270 páginas
490 ## - MENCION DE SERIE [R]
Mención de serie [R] Conocimiento
Designación numérica/secuencial del volumen [NR] 3002
504 ## - NOTA DE BIBLIOGRAFIA, ETC. [R]
Nota de bibliografía, etc. [NR]
650 04 - ASIENTO SECUNDARIO DE MATERIA - TERMINO TEMATICO [R]
Término temático o nombre geográfico como elemento de entrada [NR] Filosofía
9 (RLIN) 75
650 04 - ASIENTO SECUNDARIO DE MATERIA - TERMINO TEMATICO [R]
Término temático o nombre geográfico como elemento de entrada [NR] Igualdad
9 (RLIN) 17157
650 04 - ASIENTO SECUNDARIO DE MATERIA - TERMINO TEMATICO [R]
Término temático o nombre geográfico como elemento de entrada [NR] Libertad
9 (RLIN) 18464
650 04 - ASIENTO SECUNDARIO DE MATERIA - TERMINO TEMATICO [R]
Término temático o nombre geográfico como elemento de entrada [NR] Voluntad
9 (RLIN) 26364
700 1# - ASIENTO SECUNDARIO - NOMBRE PERSONAL [R]
Nombre personal [NR] Hagen, Servanda María de
Término de relación [R]
700 1# - ASIENTO SECUNDARIO - NOMBRE PERSONAL [R]
Nombre personal [NR] Weinstabl, Verónica Inés
Término de relación [R]
765 ## - ASIENTO DE IDIOMA ORIGINAL [R]
Asiento principal [NR] The importance of what we care about. philosophical essays
942 ## - ELEMENTOS DE ENTRADA AGREGADOS (KOHA)
Tipo de ítem principal el descrito en 300a Libro
Tema principal Filosofía
Edición 1
Parte restante de la signatura top. F829i
Sistema de clasificación DEWEY
Clasificación 128
Existencias
Fecha de último préstamo Total préstamos Total Renewals Signatura topográfica Código de barras Última vez visto Ejemplar Price effective from Tipo de ítem Perdido Sistema de clasificación Dañado No prestable Tipo de ítem específico Suprimido Ubicación habitual Ubicación actual Localización Fecha de creación Forma de adquisición Costo
05/10/2022 29 9 128 F829i 100090470 05/12/2025 Ej.1 03/02/2013 Libro   DEWEY     Libro   Claustro Claustro 2do piso 28/02/2013 Compra 58000.00
24/02/2025 27 13 128 F829i 100090948 05/12/2025 Ej.2 03/02/2013 Libro   DEWEY     Libro   Claustro Claustro 2do piso 28/02/2013 Compra 58000.00